000
00313 a2200133 4500
245
_a
Thérapie familiale : traitement de systèmes vivants
100
_a
Walrond-Skinner, S.
260
_c
1980
300
_a
167 p.
035
_a
2764
999
_c
17605
_d
17605